[Event "ch-FRA Blitz Online Qual"]
[Site "Europe-Chess INT"]
[Date "2020.05.16"]
[Round "9"]
[White "Assouane, Aksel"]
[Black "Levy, Kevin"]
[Result "1-0"]
[WhiteElo "1238"]
[BlackElo "1740"]
[WhiteFideId "45154708"]
[BlackFideId "45128588"]
[EventDate "2020.05.16"]

1. e4 Nf6 2. e5 Nd5 3. d4 d6 4. exd6 cxd6 5. Bc4 Nb6 6. Bb3 g6 7. Nf3 Bg7 8. c3
O-O 9. Be3 Nc6 10. Nbd2 Bg4 11. O-O a5 12. a4 d5 13. Qc2 Bf5 14. Qd1 Rc8 15. Nb1
Bg4 16. Na3 e5 17. dxe5 Nxe5 18. Nb5 Nxf3+ 19. gxf3 Bh3 20. Re1 Nc4 21. Bxc4
dxc4 22. Nd6 Rc5 23. Nxb7 Rg5+ 24. Kh1 Bg2+ 25. Kg1 Bxf3+ 26. Kf1 Bxd1 27. Nxd8
Rxd8 28. Bxg5 Rd5 29. Re8+ Bf8 30. Bh6 1-0

[Event "ch-FRA Blitz Online Qual"]
[Site "Europe-Chess INT"]
[Date "2020.05.16"]
[Round "9"]
[White "Mokrani, Romuhald"]
[Black "Berger, Justin"]
[Result "0-1"]
[WhiteElo "1358"]
[BlackElo "1735"]
[WhiteFideId "551061279"]
[BlackFideId "45115095"]
[EventDate "2020.05.16"]

1. d4 d5 2. Nf3 c6 3. c4 Nf6 4. Nc3 dxc4 5. Bg5 Bf5 6. a4 Nbd7 7. e3 e6 8. Bxc4
Bb4 9. O-O O-O 10. Rc1 Qa5 11. Bd3 h6 12. Bf4 Rfe8 13. Bxf5 Qxf5 14. Ne5 Nxe5
15. Bxe5 Nd7 16. Bg3 e5 17. e4 Qg6 18. f3 Rad8 19. Qb3 a5 20. d5 Nc5 21. Qc4
Bxc3 22. bxc3 Nd7 23. dxc6 Qxc6 24. Qb3 Nc5 25. Qb5 Qxb5 26. axb5 b6 27. c4 Rd2
28. Rcd1 Nb3 29. Rxd2 Nxd2 30. Rd1 Nxc4 31. Rc1 Na3 32. Rc6 Nxb5 33. Rxb6 Nd4
34. Ra6 Nb3 35. Bh4 f6 36. h3 Rd8 37. Rb6 Nd4 38. Kh2 Ra8 39. Rb1 a4 40. Ra1 a3
41. Be1 a2 42. Bc3 Nc2 43. Rc1 a1=Q 44. Bxa1 Nxa1 45. Rc6 Nb3 46. Rc7 Nd4 47.
Kg3 Ra2 48. Rd7 Kh7 49. Re7 Kg6 50. h4 h5 51. Rd7 Ne2+ 52. Kh2 Nf4 53. Rd1 Rxg2+
54. Kh1 Rg3 55. Rg1 Rxg1+ 56. Kxg1 Ne6 57. Kg2 Nd4 58. Kf2 Kf7 59. Ke3 g5 60.
Kd3 Nxf3 61. Ke3 g4 62. Kf2 f5 63. exf5 Kf6 64. Kg3 Kxf5 65. Kf2 Nxh4 0-1

[Event "ch-FRA Blitz Online Qual"]
[Site "Europe-Chess INT"]
[Date "2020.05.16"]
[Round "9"]
[White "Duvert, Francois"]
[Black "Anas, Raphael"]
[Result "1-0"]
[WhiteElo "1729"]
[BlackElo "1421"]
[WhiteFideId "36072877"]
[BlackFideId "45115770"]
[EventDate "2020.05.16"]

1. d4 d5 2. Bf4 Bf5 3. e3 Nf6 4. c4 c6 5. Nc3 e6 6. Nf3 Nbd7 7. Nh4 Bg6 8. Be2
Bb4 9. a3 Bxc3+ 10. bxc3 Ne4 11. Nxg6 hxg6 12. Qd3 g5 13. Bg3 Nxg3 14. fxg3 Nf6
15. O-O Ne4 16. Bf3 f5 17. cxd5 cxd5 18. c4 dxc4 19. Qxc4 Qd7 20. Bxe4 fxe4 21.
Rf2 Rf8 22. Rxf8+ Kxf8 23. Rf1+ Kg8 24. Qb4 Qc8 25. Qe7 Kh7 26. Qxg5 Qd8 27.
Qh5+ Kg8 28. Qf7+ Kh7 29. Qxe6 Qe8 30. Qh3+ Kg8 31. Qg4 Rd8 32. h4 Rd7 33. h5
Rf7 34. Rc1 Qe7 35. h6 Kh7 36. hxg7 Rxg7 37. Qh5+ Kg8 38. Rc8+ Qf8 39. Rxf8+
Kxf8 40. Qf5+ Rf7 41. Qxe4 Re7 42. Qf5+ Ke8 43. g4 Kd8 44. g5 Rxe3 45. g6 Re7
46. Qf6 Kd7 47. g7 Rxg7 48. Qxg7+ Kc6 49. Qe5 b5 50. g4 a5 51. Qc5+ Kd7 52.
Qxb5+ 1-0

[Event "ch-FRA Blitz Online Qual"]
[Site "Europe-Chess INT"]
[Date "2020.05.16"]
[Round "9"]
[White "Leccia, Thomas"]
[Black "Zanin, Clement"]
[Result "1/2-1/2"]
[WhiteElo "1893"]
[BlackElo "1327"]
[WhiteFideId "36087270"]
[BlackFideId "36066869"]
[EventDate "2020.05.16"]

1. d4 d5 2. Nc3 Bf5 3. Bf4 Nf6 4. Nb5 e5 5. dxe5 Nh5 6. Bg3 c6 7. Nd4 Nxg3 8.
hxg3 Bg6 9. f4 f5 10. Ngf3 Qa5+ 11. c3 Bc5 12. Qd2 Qb6 13. e3 O-O 14. b4 Bxd4
15. exd4 Nd7 16. Bd3 a5 17. bxa5 Qxa5 18. Ng5 Rae8 19. O-O c5 20. Qb2 cxd4 21.
cxd4 Qa7 22. Nf3 Bh5 23. Rab1 Re7 24. Qb4 Rfe8 25. Qxb7 Qxa2 26. Bxf5 Nf6 27.
Qb3 Qxb3 28. Rxb3 Ne4 29. Re3 Nxg3 30. Bd3 Nxf1 31. Kxf1 Rf7 32. Ng5 Rxf4+ 33.
Kg1 Rxd4 34. Bxh7+ Kh8 35. e6 Rg4 36. Nf7+ Bxf7 37. exf7 Rxe3 38. f8=Q+ Kxh7 39.
Qf5+ Rg6 40. Qxd5 Re1+ 41. Kf2 Ree6 42. g3 Ref6+ 43. Kg2 Rd6 44. Qh5+ Kg8 45.
Qe5 Rd2+ 46. Kf3 Rf6+ 47. Kg4 Rg6+ 48. Kh5 Rh6+ 49. Kg4 Rdd6 50. Qe8+ Kh7 51.
Kf3 Rhf6+ 52. Kg2 Rd2+ 53. Kh3 Rh6+ 54. Kg4 Rd4+ 55. Kf3 Rd3+ 56. Kg2 Rdd6 57.
Qe4+ Rhg6 58. g4 Ra6 59. Kg3 Ra3+ 60. Kh4 Ra6 61. Qd3 Rd6 62. Qe4 Kh6 63. Kg3
Rg5 64. Qh1+ Kg6 65. Qe4+ Kh6 66. Qf4 Rg6 67. Qe4 Rxg4+ 68. Qxg4 Rxg4+ 69. Kxg4
g5 70. Kg3 Kh5 71. Kh3 g4+ 72. Kg3 Kg5 73. Kg2 Kh4 74. Kh2 g3+ 75. Kg2 Kg4 76.
Kg1 Kf3 77. Kf1 Kg4 78. Kg1 Kf4 79. Kg2 Kg4 80. Kg1 1/2-1/2

[Event "ch-FRA Blitz Online Qual"]
[Site "Europe-Chess INT"]
[Date "2020.05.16"]
[Round "9"]
[White "Falip Morales, Tom"]
[Black "Genot, Jean-Paul"]
[Result "1-0"]
[WhiteElo "1344"]
[BlackElo "1673"]
[WhiteFideId "45181764"]
[BlackFideId "45150940"]
[EventDate "2020.05.16"]

1. e4 c5 2. Nf3 g6 3. d4 cxd4 4. Qxd4 Nf6 5. e5 Nc6 6. Qd1 Ng8 7. Nc3 Bg7 8. Bf4
a6 9. Bc4 e6 10. Ne4 d5 11. Nd6+ Kf8 12. Bb3 f6 13. exf6 Bxf6 14. O-O Kg7 15.
Re1 Nh6 16. Bxh6+ Kxh6 17. Nf7+ Kg7 18. Nxd8 Bxd8 19. c4 d4 20. Nxd4 Bf6 21.
Nxe6+ Kf7 22. c5 Na5 23. Qd5 Nxb3 24. axb3 Bxb2 25. Nd8+ Kg7 26. Re7+ Kf6 27.
Qd6+ Kg5 28. Nf7+ Kh5 29. Re5+ Bxe5 30. Qxe5+ Bf5 31. g4+ Kh4 32. Qg3# 1-0

[Event "ch-FRA Blitz Online Qual"]
[Site "Europe-Chess INT"]
[Date "2020.05.16"]
[Round "9"]
[White "Gombrowicz, Renaud"]
[Black "Shved, Jakov"]
[Result "0-1"]
[WhiteElo "1343"]
[BlackElo "1667"]
[WhiteFideId "651019760"]
[BlackFideId "45178194"]
[EventDate "2020.05.16"]

1. e4 c5 2. Nf3 d6 3. c3 Nd7 4. d4 cxd4 5. cxd4 e6 6. Bc4 a6 7. O-O b5 8. Bb3
Bb7 9. Nc3 b4 10. Ne2 Bxe4 11. Ng3 Bb7 12. d5 Bxd5 13. Bxd5 exd5 14. Qxd5 Ngf6
15. Re1+ Be7 16. Qd4 O-O 17. Qxb4 Rc8 18. Be3 Nd5 19. Qd2 Nxe3 20. Qxe3 Re8 21.
Rac1 Rxc1 22. Qxc1 Qb6 23. Nf5 Qb8 24. Nxe7+ Kf8 25. Nf5 Rxe1+ 26. Qxe1 Qxb2 27.
Nxd6 Nf6 28. h3 Qxa2 29. Qb4 a5 30. Qb8+ Ke7 31. Nf5+ Ke6 32. Qe5+ Kd7 33. Nxg7
Qb1+ 34. Kh2 Qg6 0-1

[Event "ch-FRA Blitz Online Qual"]
[Site "Europe-Chess INT"]
[Date "2020.05.16"]
[Round "9"]
[White "Gabino, Karl"]
[Black "Senegas, Pascal"]
[Result "0-1"]
[WhiteElo "1331"]
[BlackElo "1654"]
[WhiteFideId "45135886"]
[BlackFideId "45102074"]
[EventDate "2020.05.16"]

1. e4 e5 2. Bc4 Nc6 3. Nf3 Nf6 4. d3 Bc5 5. c3 h6 6. Nbd2 O-O 7. O-O d6 8. b4
Bb6 9. a4 a6 10. Re1 Be6 11. Ba2 Ne7 12. Nf1 Ng6 13. Ng3 c6 14. Be3 d5 15. exd5
cxd5 16. Bxb6 Qxb6 17. Nxe5 Nxe5 18. Rxe5 Ng4 19. Re2 Rac8 20. Rc1 Nf6 21. Qd2
Rfe8 22. h3 Qc6 23. c4 dxc4 24. dxc4 Qxa4 25. Rce1 Rcd8 26. Qb2 Qc6 27. c5 Bxa2
28. Rxe8+ Rxe8 29. Rxe8+ Qxe8 30. Qxa2 Qe1+ 31. Kh2 Qxb4 32. Qc2 a5 33. Ne2 a4
34. Nc1 a3 35. Na2 Qb2 36. Qxb2 axb2 37. Nc3 Ne4 38. Nb1 Nxf2 39. Kg1 Nd3 40.
Kf1 Nxc5 41. Ke2 Kf8 42. Kd2 Ke7 43. Kc2 Na4 44. Kb3 b5 45. Kb4 Nb6 46. Kxb5 Nd5
47. Ka4 Ne3 48. g3 Nf1 49. g4 Ng3 50. Kb3 Ne4 51. Kxb2 Nf2 52. Nd2 Nxh3 53. Nf3
Kf6 54. Kc2 Nf2 55. Kd2 Nxg4 56. Ke2 h5 57. Nh4 Kg5 58. Nf3+ Kf4 59. Nh4 g5 60.
Nf3 Ne5 61. Nxe5 Kxe5 62. Kf3 Kf5 63. Kg3 h4+ 0-1

[Event "ch-FRA Blitz Online Qual"]
[Site "Europe-Chess INT"]
[Date "2020.05.16"]
[Round "9"]
[White "Lamblain, Nicolas"]
[Black "Lebrun, Leo"]
[Result "0-1"]
[WhiteElo "1645"]
[BlackElo "1441"]
[WhiteFideId "20605641"]
[BlackFideId "26097435"]
[EventDate "2020.05.16"]

1. e4 d6 2. d4 Nf6 3. Nc3 g6 4. f4 Bg7 5. Nf3 c5 6. dxc5 Qa5 7. Bd3 Qxc5 8. Qe2
O-O 9. Be3 Qb4 10. Rb1 Nxe4 11. O-O Nxc3 12. bxc3 Qxc3 13. Rb3 Qc7 14. Rfb1 b6
15. Be4 Bb7 16. Bf2 Bxe4 17. Qxe4 Na6 18. Qe2 Nc5 19. Rb4 Rac8 20. Nd4 e5 21.
Nb5 Qe7 22. Rd1 Rcd8 23. Rc4 Rfe8 24. fxe5 Bxe5 25. Qf3 Bg7 26. h3 Qf6 27. Qxf6
Bxf6 28. Nxa7 d5 29. Rb4 Re6 30. Nb5 Ne4 31. Be3 Nc3 32. Nxc3 Bxc3 33. Bxb6 Bxb4
34. Bxd8 Rd6 35. Be7 Rb6 36. Bxb4 Rxb4 37. Rxd5 Rb2 38. Rd2 Rxa2 39. Kf2 Kg7 40.
Ke3 Kf6 41. Kd3 Ke5 42. Rd1 f5 43. Rc1 Kd5 44. c4+ Kc5 45. Re1 Ra3+ 46. Kc2 Ra2+
47. Kb3 Rxg2 48. Re5+ Kd6 49. Rd5+ Kc6 50. h4 Rg3+ 51. Kb4 Rg4 52. Rc5+ Kd6 53.
Kb5 Rxh4 54. Rc8 Kd7 55. Ra8 f4 56. Ra3 g5 57. c5 Rh6 58. Rd3+ Kc7 59. c6 Rxc6
60. Rd5 h6 61. Rf5 Kd7 62. Rf7+ Ke6 63. Rh7 Rc1 64. Rxh6+ Kf5 65. Kb4 f3 66. Kb3
f2 0-1

[Event "ch-FRA Blitz Online Qual"]
[Site "Europe-Chess INT"]
[Date "2020.05.16"]
[Round "9"]
[White "Grimault, Leane"]
[Black "Thobie, Pascal"]
[Result "0-1"]
[WhiteElo "1622"]
[BlackElo "1216"]
[WhiteFideId "36056847"]
[BlackFideId "651001187"]
[EventDate "2020.05.16"]

1. c4 e6 2. g3 d5 3. Bg2 Nf6 4. Nf3 c5 5. cxd5 exd5 6. d4 Nc6 7. O-O Be7 8. dxc5
Bxc5 9. Nc3 Be6 10. e3 O-O 11. b3 a6 12. Bb2 Ba7 13. Rc1 Rc8 14. h3 Qe7 15. Qe2
Rfd8 16. Rfd1 h6 17. Kh2 Rd7 18. Nb1 Rcd8 19. Nbd2 d4 20. exd4 Nxd4 21. Nxd4
Bxd4 22. Bxd4 Rxd4 23. Nc4 Rxd1 24. Rxd1 Rxd1 25. Qxd1 Bxc4 26. bxc4 Kh7 27.
Qd3+ g6 28. Qf3 b5 29. cxb5 axb5 30. Qc6 b4 31. Qb5 Kg7 32. Qb6 h5 33. Kg1 Qe1+
34. Kh2 Qc3 35. Qa5 Qd4 36. Qc7 Qxf2 37. Qc4 Qxa2 38. Qxb4 Qe2 39. Qf4 Qe6 40.
Bf1 Nd5 41. Qf3 Nf6 42. Qf4 Qe4 43. Qf2 Qd5 44. Bg2 Qe6 45. Bf1 g5 46. Qd2 Kg6
47. Bd3+ Kh6 48. h4 Ng4+ 49. Kg2 Qd5+ 50. Kg1 Qd4+ 51. Kf1 Qf6+ 52. Ke1 Ne5 53.
hxg5+ Qxg5 54. Qxg5+ Kxg5 55. Kf2 f5 56. Kg2 Nxd3 57. Kf3 Ne5+ 58. Ke3 Ng6 59.
Kf3 h4 60. gxh4+ Nxh4+ 61. Kg3 Ng6 62. Kf3 Nh4+ 63. Kg3 f4+ 64. Kf2 Kg4 65. Kf1
Kf3 66. Kg1 Nf5 67. Kf1 Nd4 68. Ke1 Kg2 69. Kd2 f3 70. Kd3 f2 0-1

[Event "ch-FRA Blitz Online Qual"]
[Site "Europe-Chess INT"]
[Date "2020.05.16"]
[Round "9"]
[White "Cornileau, Juliette"]
[Black "Bosc, Frederic"]
[Result "1-0"]
[WhiteElo "1872"]
[BlackElo "1365"]
[WhiteFideId "36083372"]
[BlackFideId "36030970"]
[EventDate "2020.05.16"]

1. d4 Nf6 2. c4 g6 3. Nc3 Bg7 4. e4 d6 5. Nf3 c5 6. Be2 O-O 7. O-O cxd4 8. Nxd4
Nc6 9. Be3 Nxd4 10. Bxd4 b6 11. e5 dxe5 12. Bxe5 Qxd1 13. Raxd1 Bb7 14. Bxf6
Bxf6 15. Nd5 Bxd5 16. cxd5 Rad8 17. b3 Be5 18. Bc4 Bd6 19. a4 Rc8 20. Rc1 Rc7
21. Ba6 Rc5 22. Bb7 Rd8 23. Bc6 Rc8 24. Rxc5 bxc5 25. Rc1 e6 26. Bd7 Rd8 27.
dxe6 fxe6 28. Bxe6+ Kg7 29. g3 Re8 30. Bc4 a5 31. Kg2 Re7 32. Rd1 Be5 33. Rd8
Bc3 34. Rg8+ Kh6 35. Kf3 Bb4 36. Kg4 Re4+ 37. f4 Re7 38. Kh4 Rg7 39. Re8 Rd7 40.
g4 Rd2 41. Kg3 Rd6 42. Re7 Rf6 43. g5+ 1-0

[Event "ch-FRA Blitz Online Qual"]
[Site "Europe-Chess INT"]
[Date "2020.05.16"]
[Round "9"]
[White "Gouja, Wissem"]
[Black "Duprey, Francois-xavier"]
[Result "0-1"]
[WhiteElo "1346"]
[BlackElo "1613"]
[WhiteFideId "551013800"]
[BlackFideId "20612516"]
[EventDate "2020.05.16"]

1. e4 c5 2. Nf3 d6 3. d4 cxd4 4. Nxd4 Nf6 5. Nc3 g6 6. Be3 Bg7 7. f3 O-O 8. Qd2
Nc6 9. Be2 d5 10. O-O dxe4 11. fxe4 Nxd4 12. Bxd4 Qc7 13. e5 Ng4 14. Nd5 Qd8 15.
Bc5 Kh8 16. Bxe7 Qe8 17. Bxf8 Qxf8 18. Nf6 Be6 19. Rad1 Nxe5 20. Ne4 f5 21. Ng5
Bd7 22. Qf4 h6 23. Rxd7 Nxd7 24. Qc7 hxg5 25. Qxd7 Rd8 26. Qc7 Bd4+ 27. Kh1 f4
28. Qxb7 Qe8 29. Bd3 Qe6 30. Qc7 Re8 31. Qc4 Bg7 32. Qxe6 Rxe6 33. h3 Bxb2 34.
Rb1 Bd4 35. Rb8+ Kg7 36. Rb7+ Kf6 37. Rb1 f3 38. gxf3 Re3 39. Rf1 Ke5 40. h4 Kf4
41. hxg5 Kxg5 42. Rg1+ Kf4 43. Rxg6 Kxf3 44. Rg8 Re1+ 45. Kh2 Be5+ 46. Kh3 Rh1# 0-1

[Event "ch-FRA Blitz Online Qual"]
[Site "Europe-Chess INT"]
[Date "2020.05.16"]
[Round "9"]
[White "Suspene, Jacques"]
[Black "Flores, Christophe"]
[Result "1-0"]
[WhiteElo "1610"]
[BlackElo "1332"]
[WhiteFideId "651023059"]
[BlackFideId "45163758"]
[EventDate "2020.05.16"]

1. e4 Nc6 2. d4 e5 3. Nf3 exd4 4. Bc4 Bc5 5. O-O Nge7 6. Ng5 O-O 7. Qh5 h6 8.
Nxf7 d5 9. Nxd8 dxc4 10. Nxc6 Nxc6 11. Qxc5 Bd7 12. Qxc4+ Kh8 13. Bf4 Rxf4 14.
Nd2 Raf8 15. f3 R4f6 16. Nb3 a6 17. Nxd4 Ne5 18. Qxc7 1-0

[Event "ch-FRA Blitz Online Qual"]
[Site "Europe-Chess INT"]
[Date "2020.05.16"]
[Round "9"]
[White "Dimey-Gabert, Quentin"]
[Black "Langer, Franck"]
[Result "0-1"]
[WhiteElo "1758"]
[BlackElo "1327"]
[WhiteFideId "36090085"]
[BlackFideId "45175063"]
[EventDate "2020.05.16"]

1. d4 d5 2. c4 c6 3. cxd5 cxd5 4. Nc3 Nf6 5. Bg5 Nc6 6. e3 e6 7. Bd3 h6 8. Bh4
Bd6 9. Nf3 O-O 10. O-O Re8 11. Nb5 Bb8 12. Rc1 a6 13. Nc3 e5 14. dxe5 Nxe5 15.
Nxe5 Bxe5 16. Bb1 Qa5 17. Bxf6 Bxf6 18. Nxd5 Be6 19. Nc7 Red8 20. Qc2 g6 0-1

[Event "ch-FRA Blitz Online Qual"]
[Site "Europe-Chess INT"]
[Date "2020.05.16"]
[Round "9"]
[White "Robine, Guillaume"]
[Black "Plaidit, Hugo"]
[Result "1-0"]
[WhiteElo "1571"]
[BlackElo "1319"]
[WhiteFideId "45127352"]
[BlackFideId "551003066"]
[EventDate "2020.05.16"]

1. e4 d5 2. exd5 Nf6 3. d4 Bg4 4. Be2 Bxe2 5. Qxe2 Nxd5 6. Nf3 Nc6 7. c3 e6 8.
O-O Bd6 9. Nbd2 O-O 10. Nc4 Be7 11. Nce5 Nxe5 12. Nxe5 Bd6 13. Nd3 Qh4 14. g3
Qh3 15. f4 f5 16. Qxe6+ Kh8 17. Qxd5 Rf6 18. Qg2 Qh5 19. Bd2 Re8 20. Rae1 Ref8
21. Ne5 Bxe5 22. dxe5 Rc6 23. Be3 a6 24. Rd1 Qf7 25. Rd2 Qxa2 26. Rfd1 h6 27.
Rd8 Rxd8 28. Rxd8+ Kh7 29. Rd2 Qe6 30. Qd5 Qg6 31. Bd4 h5 32. Re2 h4 33. Kf2
hxg3+ 34. hxg3 Qe8 35. Re1 g6 36. Rh1+ Kg7 37. e6+ Kf8 38. Rh8+ Ke7 39. Rxe8+
Kxe8 40. Qd7+ Kf8 41. Qf7# 1-0

[Event "ch-FRA Blitz Online Qual"]
[Site "Europe-Chess INT"]
[Date "2020.05.16"]
[Round "9"]
[White "Gimenez, Adrien"]
[Black "Vernadet, Jacques"]
[Result "1-0"]
[WhiteElo "1591"]
[BlackElo "1600"]
[WhiteFideId "36069094"]
[BlackFideId "665169"]
[EventDate "2020.05.16"]

1. e4 c5 2. Nc3 e6 3. Nf3 Nc6 4. g3 Nf6 5. Bg2 Be7 6. d3 O-O 7. O-O d5 8. exd5
exd5 9. d4 Bg4 10. Be3 Ne4 11. h3 Bh5 12. g4 Bg6 13. dxc5 Nxc3 14. bxc3 Bf6 15.
Bd4 Nxd4 16. cxd4 b6 17. cxb6 axb6 18. c3 Rc8 19. Rc1 Be4 20. Re1 Re8 21. Qb3
Qd6 22. a4 Qf4 23. Re3 Re6 24. Rce1 h6 25. Qb2 Rce8 26. Qc1 Bg6 27. Rxe6 Rxe6
28. Qxf4 Rxe1+ 29. Nxe1 Bg5 30. Qb8+ Kh7 31. Bxd5 Bd2 32. Nf3 Bxc3 33. Qxb6 h5
34. g5 Bf5 35. h4 Bg6 36. Ne5 Bxd4 37. Qxd4 f6 38. Nxg6 Kxg6 39. Qe4+ f5 40.
Qe6+ Kh7 41. Qg8+ Kg6 42. Bf7# 1-0

[Event "ch-FRA Blitz Online Qual"]
[Site "Europe-Chess INT"]
[Date "2020.05.16"]
[Round "9"]
[White "Lambert Hoareau, Guillaume"]
[Black "Auribault, Louis"]
[Result "0-1"]
[WhiteElo "1348"]
[BlackElo "1618"]
[WhiteFideId "45172323"]
[BlackFideId "45196591"]
[EventDate "2020.05.16"]

1. e4 e5 2. d4 exd4 3. c3 d5 4. exd5 Qxd5 5. Qxd4 Qxd4 6. cxd4 Nc6 7. Nf3 Nf6 8.
Bb5 Bd7 9. Nc3 O-O-O 10. O-O Bb4 11. Bd2 Rhe8 12. a3 Bxc3 13. Bxc3 Kb8 14. Bxc6
Bxc6 15. Ne5 Bd5 16. Rfe1 Ne4 17. f3 Nxc3 18. bxc3 f6 19. Nd3 Bc4 20. Rxe8 Rxe8
21. Nc5 b6 22. Na4 Re2 23. g3 Bb3 24. Nc5 bxc5 25. dxc5 Kc8 26. Rb1 Bd5 27. c4
Bxc4 28. c6 Bd5 29. Rb7 Bxc6 30. Rxa7 Bxf3 31. a4 Rg2+ 32. Kf1 Rxh2 33. a5 Kb8
34. Ra6 Be2+ 35. Kg1 Bxa6 36. Kxh2 Kb7 37. Kh3 Kc6 38. Kg4 Kb5 39. Kf4 Kxa5 40.
Ke4 Bc4 41. Kd4 Kb4 42. g4 c5+ 43. Ke3 Bf7 44. Kd2 c4 45. Kc2 h5 46. gxh5 Bxh5
47. Kb2 g5 48. Kc2 f5 49. Kd2 f4 50. Ke1 c3 51. Kf2 g4 52. Ke1 f3 53. Kf2 c2 54.
Kg3 c1=Q 55. Kh4 Qh1+ 56. Kg5 f2 57. Kh6 f1=Q 58. Kg5 Qc1+ 59. Kf5 Qc5+ 60. Kf4
Qf3# 0-1

[Event "ch-FRA Blitz Online Qual"]
[Site "Europe-Chess INT"]
[Date "2020.05.16"]
[Round "9"]
[White "Vidoni, Salma"]
[Black "Daude, Alexandre"]
[Result "0-1"]
[WhiteElo "1309"]
[BlackElo "1518"]
[WhiteFideId "45107556"]
[BlackFideId "45102660"]
[EventDate "2020.05.16"]

1. d4 e6 2. Nf3 c5 3. c3 d5 4. Bf4 Nc6 5. e3 Nf6 6. Nbd2 Bd6 7. Ne5 Bxe5 8. dxe5
Nd7 9. Nf3 O-O 10. Bd3 f6 11. exf6 Nxf6 12. Ne5 Nxe5 13. Bxe5 Nd7 14. Ke2 Nxe5
15. Re1 Qf6 16. f3 Bd7 17. Kf2 c4 18. Bc2 Qh4+ 19. Kg1 Rf6 20. Qe2 Rh6 21. h3
Rf8 22. Rad1 Bc6 23. Rd4 Qh5 24. Kh2 Rxf3 25. gxf3 Nxf3+ 26. Kg2 Qxh3+ 27. Kf2
Nxd4 28. exd4 Qh2+ 29. Ke3 Rh3+ 30. Kd2 Qxe2+ 31. Rxe2 h6 32. Rxe6 a6 33. Bg6
Rh2+ 34. Ke3 Kf8 35. Kf4 Rxb2 36. Ke5 Rf2 37. Kd6 Bb5 38. Re7 Rf6+ 39. Ke5 Rxg6
40. Rxb7 Rg5+ 41. Kd6 Rg6+ 42. Kc5 Kg8 43. a3 Kh7 44. Kxd5 Bc6+ 45. Kc5 Bxb7 46.
d5 Rg5 47. Kxc4 Bxd5+ 48. Kd4 Bb7 49. c4 a5 50. a4 Rh5 51. Kc3 g5 52. Kd3 g4 53.
Ke3 Rf5 54. c5 g3 55. c6 Bxc6 56. Ke2 g2 57. Kd2 g1=Q 58. Kd3 Qf1+ 59. Ke3 Re5+
60. Kd4 Qe2 61. Kc3 Rc5+ 62. Kd4 Qe5+ 63. Kd3 Be4+ 64. Ke3 Rc3+ 65. Kd2 Qd4+ 66.
Ke2 Re3+ 67. Kf2 Qd2+ 68. Kf1 Re1# 0-1

[Event "ch-FRA Blitz Online Qual"]
[Site "Europe-Chess INT"]
[Date "2020.05.16"]
[Round "9"]
[White "De Smet, Fabrice"]
[Black "Noyelles, Benoit"]
[Result "1-0"]
[WhiteElo "1520"]
[BlackElo "1272"]
[WhiteFideId "45129657"]
[BlackFideId "551061350"]
[EventDate "2020.05.16"]

1. e4 c6 2. d4 d5 3. e5 Bf5 4. Nf3 e6 5. Be2 Ne7 6. O-O Nd7 7. Nbd2 h6 8. c4 g5
9. cxd5 Nxd5 10. h3 Bg7 11. Nc4 O-O 12. Nd6 Rb8 13. Nxf5 exf5 14. Bd2 Qb6 15.
Qc2 Ne7 16. Rac1 Rbc8 17. a3 Rc7 18. Qa4 Rfc8 19. Ba5 Qxb2 20. Bxc7 Rxc7 21. Bd3
a6 22. Rb1 Qc3 23. Rb3 Qxb3 24. Qxb3 1-0

[Event "ch-FRA Blitz Online Qual"]
[Site "Europe-Chess INT"]
[Date "2020.05.16"]
[Round "9"]
[White "Hwang, Daniel"]
[Black "Hetier, Thomas"]
[Result "0-1"]
[WhiteElo "1557"]
[BlackElo "1598"]
[WhiteFideId "45136890"]
[BlackFideId "45146586"]
[EventDate "2020.05.16"]

1. e4 c5 2. Nc3 e6 3. f4 Nc6 4. Nf3 Nf6 5. Bb5 a6 6. Bxc6 bxc6 7. d3 d5 8. O-O
Be7 9. Qe1 O-O 10. b3 c4 11. bxc4 dxc4 12. dxc4 Bb4 13. Bb2 Bb7 14. Rd1 Qb6+ 15.
Kh1 Rad8 16. Qe2 c5 17. a3 Bxc3 18. Bxc3 Rxd1 19. Rxd1 Nxe4 20. Be5 Rd8 21. Nd2
Nxd2 22. Rxd2 Rxd2 23. Qxd2 Qb1+ 0-1

[Event "ch-FRA Blitz Online Qual"]
[Site "Europe-Chess INT"]
[Date "2020.05.16"]
[Round "9"]
[White "Delabre, Gaspard"]
[Black "Abiven, Pierre-Louis"]
[Result "1-0"]
[WhiteElo "1449"]
[BlackElo "1200"]
[WhiteFideId "36076627"]
[BlackFideId "45168016"]
[EventDate "2020.05.16"]

1. e4 e5 2. Nf3 Nc6 3. Bc4 Bc5 4. c3 Nf6 5. d3 d6 6. Nbd2 Be6 7. Bb3 O-O 8. O-O
Re8 9. Re1 Qd7 10. Nf1 Bxb3 11. axb3 Bb6 12. Ng3 Ng4 13. Rf1 h6 14. h3 Nf6 15.
Nf5 Ne7 16. N3h4 Nxf5 17. Nxf5 a6 18. Qf3 c6 19. Nxh6+ gxh6 20. Qxf6 Qe6 21.
Qxh6 Qxh6 22. Bxh6 Re6 23. Be3 Bxe3 24. fxe3 Rg6 25. Rf2 Kh7 26. Rxf7+ Rg7 27.
Raf1 Rg8 28. Rxg7+ Rxg7 29. g4 Kg6 30. Rf5 Rf7 31. h4 Rh7 32. h5+ Kg7 33. Kg2
Rh6 34. Kg3 b5 35. Kh4 c5 36. g5 Re6 37. h6+ Kg6 38. Rf8 a5 39. Rg8+ Kh7 40.
Rg7+ Kh8 41. g6 Rf6 42. Rf7 Re6 43. g7+ Kh7 44. Rf8 Rxh6+ 45. Kg5 Rg6+ 46. Kf5
Kxg7 47. Rb8 b4 48. cxb4 axb4 49. Rb6 Rf6+ 50. Kg4 Kf7 51. Kg5 Ke6 52. Rxd6+
Kxd6 53. Kxf6 c4 54. bxc4 b3 55. d4 exd4 56. exd4 Kd7 57. e5 Ke8 58. e6 Kf8 59.
d5 Ke8 60. d6 Kd8 61. c5 Ke8 62. c6 Kd8 63. c7+ Kc8 64. e7 Kd7 65. e8=Q+ Kxe8
66. c8=Q# 1-0

[Event "ch-FRA Blitz Online Qual"]
[Site "Europe-Chess INT"]
[Date "2020.05.16"]
[Round "9"]
[White "Dietrich, Antoine"]
[Black "Minde, Baptiste"]
[Result "1/2-1/2"]
[WhiteElo "1499"]
[BlackElo "1210"]
[WhiteFideId "679879"]
[BlackFideId "45172110"]
[EventDate "2020.05.16"]

1. e4 e6 2. d4 d5 3. exd5 exd5 4. a3 Be6 5. Nf3 Nf6 6. Bg5 Be7 7. Nc3 O-O 8. Bd3
c6 9. Qd2 Qb6 10. O-O-O Bg4 11. Kb1 Bxa3 12. b3 Nbd7 13. h3 Bxf3 14. gxf3 Bb4
15. Rdg1 Qa5 16. Kb2 Qa3+ 17. Kb1 Qa5 18. Kb2 Qa3+ 19. Kb1 Qa5 1/2-1/2

[Event "ch-FRA Blitz Online Qual"]
[Site "Europe-Chess INT"]
[Date "2020.05.16"]
[Round "9"]
[White "Lesage, Margot"]
[Black "Menoux, Abel"]
[Result "1-0"]
[WhiteElo "1598"]
[BlackElo "1141"]
[WhiteFideId "45137013"]
[BlackFideId "36087173"]
[EventDate "2020.05.16"]

1. e4 c6 2. Nf3 d5 3. Nc3 dxe4 4. Nxe4 Bf5 5. Ng3 Bg6 6. h4 h6 7. Ne5 Bh7 8. Qh5
g6 9. Bc4 e6 10. Qe2 Nd7 11. Nxf7 Qe7 12. Nxh8 Bg7 13. Nxg6 Bxg6 14. O-O Bxc2
15. Re1 Ne5 16. Bb3 Bd3 17. Qe3 Rd8 18. Qxa7 Qf7 19. Qa5 Ng4 20. Rxe6+ Kd7 21.
Rd6+ Kxd6 22. Bxf7 Rd7 23. Bxg8 Re7 24. Qb4+ Kd7 25. Qxg4+ Ke8 26. Qh5+ Kf8 27.
Bb3 Re1+ 28. Kh2 Re5 29. Qf7# 1-0